000 00975nam a2200325 i 4500
001 000048753
003 DO-SdBNP
005 20250205093612.0
007 ta
008 250205s2001 dr 000 0 spa d
020 _a9768160640 (pbk)
040 _aDO-SdBNP
_bspa
_cBNPHU
_erda
041 _hspa
082 4 _aRD863.44
_bV422j, 2016
_222
100 1 _aVega, Máximo,
_a1966-
_eautor
_971795
245 1 0 _aJuguete de madera /
_cMáximo Vega.
250 _atercera edición
264 _aSantiago de los Caballeros :
_bImpresora Nico,
_c2001.
300 _a89 páginas ;
_c21 cm.
336 _2rdacontent
_atexto
_btxt
337 _2rdamedia
_asin mediación
_bn
338 _2rdacarrier
_avolumen
_bnc
490 _aEdiciones P.D
500 _aIncluye datos biográficos del autor en la solapa de la cubierta
590 _aInventariado, 2025
650 0 _aNovela dominicana
_9223
650 0 _aLiteratura dominicana.
_967
910 _aDG
942 _2ddc
_cLBS1
999 _c58100
_d58100